| 000 | 01023nam a2200265Ia 4500 | ||
|---|---|---|---|
| 003 | OSt | ||
| 005 | 20220923211124.0 | ||
| 006 | a|||||r|||| 00| 0 | ||
| 007 | ta | ||
| 008 | 220922b |||||||| |||| 00| 0 hin d | ||
| 020 | _a8181834617 (hb) | ||
| 024 | _a230,714 | ||
| 037 | _cTextual | ||
| 040 |
_aARTS _cARTS _bhin |
||
| 041 |
_2hin _ahin |
||
| 082 | _aO152,6N60x, P6 | ||
| 100 |
_aतिवारी, स्वाति _9158474 |
||
| 245 | 0 |
_aअकेले होते लोग _b वृद्धावस्था पर केन्द्रित मनोवैज्ञानिक दस्तावेज |
|
| 246 | _aAkele hote loga: vṛuddhāvasthā par kendrit hinovaijnyānik dastāveja | ||
| 260 |
_aनई दिल्ली _b वाणी प्रकाशन _c2006 |
||
| 300 |
_a135पृ. _ccm. |
||
| 650 |
_aहिन्दी साहित्य _9156264 |
||
| 942 |
_hO152,6N60x, P6 _cTEXL _2CC |
||
| 999 |
_c295593 _d295593 |
||